Šiaurės Amerikos sostinės - Statistics

General Stats
  • This quiz has been taken 427 times
  • The average score is 10 of 23
Answer Stats
Šalis Sostinė % Correct
Jungtinės Amerikos Valstijos Vašingtonas
88%
Meksika Meksikas
84%
Panama Panama
84%
Kanada Otava
81%
Gvatemala Gvatemala
73%
Kuba Havana
72%
Salvadoras San Salvadoras
66%
Jamaika Kingstonas
60%
Kosta Rika San Chosė
60%
Nikaragva Managva
50%
Dominikos Respublika Santo Domingas
47%
Belizas Belmopanas
44%
Haitis Port o Prensas
44%
Hondūras Tegusigalpa
43%
Bahamos Nasau
41%
Sent Vinsentas ir Grenadinai Kingstaunas
17%
Dominika Rozo
16%
Barbadosas Bridžtaunas
14%
Trinidadas ir Tobagas Port of Speinas
14%
Antigva ir Barbuda Sent Džonsas
14%
Sent Lusija Kastris
12%
Grenada Sent Džordžas
11%
Sent Kitsas ir Nevis Basteras
9%
No matching quizzes found
Score Distribution
Percent of People with Each Score
Percentile by Number Answered
Your Score History
You have not taken this quiz